| 000 | 01263nem a2200313 4500 | ||
|---|---|---|---|
| 001 | ebr10002741 | ||
| 003 | CaPaEBR | ||
| 006 | m u | ||
| 007 | cr cn||||||||| | ||
| 008 | 101210s1997 xx s a s 0 eng d | ||
| 034 | 0 | _aa | |
| 040 |
_aCaPaEBR _cCaPaEBR |
||
| 035 | _a(OCoLC)704410726 | ||
| 050 | 1 | 4 |
_aE179.5 _b.U55 1997eb |
| 050 | 1 | 4 |
_aG3701.F35 _bU55 1997eb |
| 052 |
_a3701 _bF35 |
||
| 245 | 0 | 0 |
_aUnited States territory as of 1900 _h[electronic resource]. |
| 246 | 3 |
_iTitle from title screen: _aU.S. territory as of 1900-- North America, United States, Hawaii, Alaska, Panama, Pacific Ocean, Puerto Rico, map |
|
| 255 | _aScale varies. | ||
| 260 |
_a[S.l.] : _bMaps.com, _cc1997. |
||
| 300 | _a1 online resource (1 map) | ||
| 533 |
_aElectronic reproduction. _bPalo Alto, Calif. : _cebrary, _d2011. _nAvailable via World Wide Web. _nAccess may be limited to ebrary affiliated libraries. |
||
| 651 | 0 |
_aUnited States _xTerritorial expansion _xHistory _y19th century _vMaps. |
|
| 651 | 0 |
_aUnited States _vMaps. |
|
| 655 | 7 |
_aElectronic books. _2local |
|
| 710 | 2 | _aMaps.com (Firm) | |
| 710 | 2 | _aebrary, Inc. | |
| 856 | 4 | 0 |
_uhttp://site.ebrary.com/lib/rucke/Doc?id=10002741 _zAn electronic book accessible through the World Wide Web; click to view |
| 999 |
_c3075 _d3075 |
||